00402nam a22001217a 4500003000400000005001700004008004100021040002700062100006700089245007600156260004000232300000800272OSt20240404101147.0240404b |||||||| |||| 00| 0 eng d cCentral Library MRSPTU aDr. Ajitpal Singh (ਡਾ. ਅਜੀਤਪਾਲ ਸਿੰਘ) aTadrust Kiwe Rahye (ਤੰਦਰੁਸਤ ਕਿਵੇਂ ਰਹੀਏ) aBarnalabTarkbharti Parkashanc2003 a167